| 000 | 00000nam##2200000za#4500 |
| 001 | 9.589907 |
| 003 | CaOODSP |
| 005 | 20210624195854 |
| 007 | cr ||||||||||| |
| 008 | 150406|1992||||xxc|||||o f|0| 0 eng|d |
| 022 | |a1488-5379 |
| 040 | |aCaOODSP|beng |
| 041 | |aeng |
| 041 | |afre |
| 043 | |an-cn--- |
| 086 | 1 |aFs97-6/1890-PDF |
| 110 | 1 |aCanada. |bDepartment of Fisheries and Oceans. |
| 245 | 10|aJuvenile stages: the missing link in fisheries research : |h[electronic resource]|bReport of a Workshop 1-3 October 1991, Bedford Institute of Oceanography, Dartmouth, Nova Scotia / |cEditors, Y. de Lafontaine
[et al.] |
| 260 | |aMont-Joli - Quebec : |bFisheries and Oceans Canada |c1992. |
| 300 | |a151p.|bfigs., references, tables |
| 490 | 1 |aCanadian technical report of fisheries and aquatic sciences|x1488-5379|vNo. 1890 |
| 500 | |aOn t.p. : Institut Maurice Lamontagne, Mont Joli, (Québec). The catalogue number and ISSN for the print edition appear in the PDF version. |
| 546 | |aPrefatory texts in English and French. Articles in their original languages. |
| 590 | |a14-05-Supp|b2014-02-26 |
| 720 | 1 |aDe Lafontaine, Y. |
| 776 | 0#|tLes stades juvéniles: le chaînon manquant en recherche sur les pêches : |w(CaOODSP)9.522473 |
| 792 | |tLes stades juvéniles: le chaînon manquant en recherche sur les pêches - : |efre|w(CaOODSP)9.589908 |
| 830 | #0|aCanadian technical report of fisheries and aquatic sciences,|x1488-5379|vNo. 1890|w(CaOODSP)9.500269 |
| 856 | 40|ahttp://publications.gc.ca|qPDF|s6322 KB|uhttps://publications.gc.ca/collections/collection_2014/mpo-dfo/Fs97-6-1890.pdf|yNo. 1890 |